Mahasamar nayak karnel Ujir Simha Thapa 'Nepali mataka ek bir saputko utsarg katha (Record no. 52560)
[ view plain ]
| 000 -LEADER | |
|---|---|
| fixed length control field | 005930000a22002290004500 |
| 082 ## - DEWEY DECIMAL CLASSIFICATION NUMBER | |
| Classification number | N923.5 |
| Item number | T565m |
| -- | N |
| 020 ## - INTERNATIONAL STANDARD BOOK NUMBER | |
| International Standard Book Number | 978-99946-2-9695 |
| 041 ## - LANGUAGE CODE | |
| Language code of text/sound track or separate title | Nep |
| 100 ## - MAIN ENTRY--PERSONAL NAME | |
| Personal name | Thapa, Rajeshwar |
| 245 ## - TITLE STATEMENT | |
| Title | Mahasamar nayak karnel Ujir Simha Thapa 'Nepali mataka ek bir saputko utsarg katha |
| 260 ## - PUBLICATION, DISTRIBUTION, ETC. (IMPRINT) | |
| Place of publication, distribution, etc | Kathmandu |
| Name of publisher, distributor, etc | Abhiman Prakashan |
| 260 ## - PUBLICATION, DISTRIBUTION, ETC. (IMPRINT) | |
| Date of publication, distribution, etc | 2064 B.S. |
| 300 ## - PHYSICAL DESCRIPTION | |
| Extent | 146p. |
| 365 ## - TRADE PRICE | |
| Price amount | Rs.150.00 |
| 518 ## - DATE/TIME AND PLACE OF AN EVENT NOTE | |
| Date/time and place of an event note | 20091113 |
| 653 ## - INDEX TERM--UNCONTROLLED | |
| Uncontrolled term | Biographies |
| 650 ## - SUBJECT ADDED ENTRY--TOPICAL TERM | |
| Topical term or geographic name as entry element | Military persons |
| 650 ## - SUBJECT ADDED ENTRY--TOPICAL TERM | |
| Topical term or geographic name as entry element | History |
| 651 ## - SUBJECT ADDED ENTRY--GEOGRAPHIC NAME | |
| Geographic name | Nepal |
| 654 ## - SUBJECT ADDED ENTRY--FACETED TOPICAL TERM | |
| Focus term | Thapa, Ujir Simha |
| 942 ## - ADDED ENTRY ELEMENTS (KOHA) | |
| Koha item type | |
No items available.
